Advanced pranic healing: (Record no. 171014)

MARC details
000 -LEADER
fixed length control field 00706nam a22002177a 4500
005 - DATE AND TIME OF LATEST TRANSACTION
control field 20200102142905.0
008 - FIXED-LENGTH DATA ELEMENTS--GENERAL INFORMATION
fixed length control field 200102b ||||| |||| 00| 0 eng d
010 ## - LCCN (DPL NO)
LC control number B-994016
020 ## - INTERNATIONAL STANDARD BOOK NUMBER
International Standard Book Number 8120722191
Terms of availability 250.00
035 ## - SYSTEM CONTROL NUMBER
System control number B-994016
040 ## - CATALOGING SOURCE
Original cataloging agency dpl
Language of cataloging en
050 ## - LIBRARY OF CONGRESS CALL NUMBER
DPL Classification number 615.852
082 ## - DEWEY DECIMAL CLASSIFICATION NUMBER
Classification number 615.852
100 ## - MAIN ENTRY--PERSONAL NAME
Personal name Choa Kok Sui
245 ## - TITLE STATEMENT
Title Advanced pranic healing:
Remainder of title a practical manual on color pranic healing/
Statement of responsibility, etc by Choa Kok Sui
250 ## - EDITION STATEMENT
Edition statement 5th ed(repr.)
260 ## - PUBLICATION, DISTRIBUTION, ETC. (IMPRINT)
Place of publication, distribution, etc New Delhi
Name of publisher, distributor, etc New Dawn
Date of publication, distribution, etc 2000
270 ## - ADDRESS
Address L-10, Green Park Extension,
City New Delhi
Postal code 110016
Telephone number 6191784, 6191785, 6191023
Electronic mail address ghai@nde.vsnl.net.in
300 ## - PHYSICAL DESCRIPTION
Extent 342p
Dimensions 22cemi(pbk)
942 ## - ADDED ENTRY ELEMENTS (KOHA)
Source of classification or shelving scheme Dewey Decimal Classification
Item type English Books
Classification part 615.852
Call number suffix CHO
Holdings
Withdrawn status Lost status Source of classification or shelving scheme Damaged status Not for loan Collection code Home library Current library Date acquired Source of acquisition Cost, normal purchase price Total Checkouts Total Renewals Full call number Barcode Date last seen Copy number Cost, replacement price Koha item type
    Dewey Decimal Classification     Non-fiction R.K.Puram-8 R.K.Puram-8 02/01/2020 BPPD/Purchase 250.00 1 2 615.852 CHO A-994016 14/02/2020 1 250.00 English Books

© Delhi Public Library
Hit Counter
free hit counter